Terminus des lignes - Naolib (Nantes) - Statistiques

Statistiques générales
  • Ce quiz a été pris 47 fois
  • Le résultat moyen est 37 sur 124
Statistiques - réponses
Ligne Terminus % Correct
1 Babinière / Beaujoire
97%
71 François Mitterrand
83%
1 François Mitterrand
83%
79 Orvault
80%
2 Orvault Grand Val
73%
3 | C8 Marcel Paul
70%
3 | 40 | 78 | +2 others Neustrie
70%
4 Foch - Cathédrale
60%
5 | C2 Gare Sud
60%
2 Gare de Pont Rousseau
57%
5 | N2 Hangar à Bananes
50%
4 | E4 Porte de Vertou
50%
C3 Armor
47%
10 | C1 Gare de Chantenay
47%
C1 Haluchère Batignolles
47%
23 | 77 | 85 | 95 Haluchère - Batignolles
47%
80 Chassay / Bellevue
40%
81 | C20 | E1 | N1 Gare Maritime
40%
C4 Les Sorinières
40%
28 | 42 | 47 | +3 others Vertou
40%
C4 Greneraie
37%
36 | 38 | E8 | TE1 Greneraie
37%
27 | 28 | 42 | C9 Pirmil
37%
66 Babinière
33%
C6 Chantrerie - Grandes Écoles
33%
C6 Hermeland
33%
89 | C2 Le Cardo
33%
10 Bd de Doulon
30%
C3 Bd de Doulon
30%
75 Facultés
30%
C8 Saupin
30%
11 Tertre
30%
30 | 97 Trentemoult
30%
12 | 79 | 89 Beauséjour
27%
66 | C20 Ecole Centrale - Audencia
27%
23 | 40 | 59 | +2 others Mendès France - Bellevue
27%
C7 Souillarderie
27%
C9 Basse-Goulaine / Chalonges
23%
38 Aéroport
20%
50 Basse-Indre
20%
86 | 96 Bout des Pavés
20%
E5 Carquefou
20%
26 Hôtel de Région
20%
26 Jonelière
20%
12 Jules Verne
20%
11 Perray
20%
75 Charbonneau
17%
27 La Herdrie
17%
N3 Port Boyer
17%
69 Sautron
17%
33 Espace Diderot
13%
80 | E5 Fac de Droit
13%
TE1 Allende
10%
95 Bois St-Lys
10%
59 Bout des Landes
10%
C7 Clairais / Trianon
10%
36 Croix Jeannette
10%
30 Îles de Loire
10%
86 La Chapelle Aulnay
10%
E8 La Cochère
10%
69 Orvault Morlière
10%
N3 Petit Port Facultés
10%
50 Porte de La Chapelle
10%
N1 | N2 Trentemoult Sablières
10%
98 Brains / St-Léger-les-Vignes
7%
91 Couëron Bougon
7%
60 Quintaine
7%
85 Souchais
7%
93 Bobby Sands / Hauts de Couëron
3%
88 | TE2 Château d'Aux
3%
E1 Couëron Océan
3%
96 Coutancière
3%
67 Centre de Thouaré
3%
NGG Gachet
3%
NGG Grimaudière
3%
67 Le Cellier
3%
87 Le Halleray
3%
33 Robinière / L'Aufrère
3%
87 Toutes Aides
3%
71 Bac de Couëron
0%
TE2 Bac d'Indret
0%
78 Bac du Pellerin
0%
93 Hôpital Laënnec
0%
47 Pégers / Grande Noëlle
0%
77 Sables d'Or
0%
Aucun quiz correspondant
Distribution des résultats
% des personnes avec chaque résultat
Percentile par nombre de réponses
Votre historique - résultats
Vous n’avez pas pris ce quiz